[Event "Nationale 1 Avignon-Cannes"]
[Site "Avignon"]
[Date "2007.12.15"]
[Round "4.5"]
[White "Cursoux, L."]
[Black "Kerbrat, J."]
[Result "1/2-1/2"]
[WhiteElo "2243"]
[BlackElo "2171"]
[PlyCount "130"]
[EventDate "2007.12.16"]
[SourceDate "2007.12.16"]

1. e4 c5 2. Nf3 e6 3. Nc3 d6 4. d4 cxd4 5. Qxd4 Nf6 6. Bg5 Be7 7. O-O-O Nc6 8.
Bb5 Bd7 9. Qd3 a6 10. Bxc6 Bxc6 11. Rhe1 Qa5 12. Kb1 O-O 13. Bd2 Qc7 14. Nd4 b5
15. Nxc6 Qxc6 16. f3 Nd7 17. Bf4 Ne5 18. Bxe5 dxe5 19. Ne2 Rac8 20. Qc3 b4 21.
Qxc6 Rxc6 22. Rd7 Bc5 23. Red1 Rfc8 24. Rd8+ Bf8 25. Rxc8 Rxc8 26. Nc1 Rc6 27.
Nb3 Rd6 28. Kc1 Rc6 29. Rd7 g6 30. Kd2 a5 31. Kd3 a4 32. Na5 Rc5 33. Nc4 a3 34.
bxa3 bxa3 35. Ra7 Kg7 36. Nxa3 Kf6 37. Nc4 Rb5 38. Ra5 Rb1 39. Nxe5 Bd6 40.
Ng4+ Kg7 41. e5 Bb8 42. a4 h5 43. Ne3 Rh1 44. h3 f6 45. exf6+ Kxf6 46. Ra8 Bf4
47. a5 Kg5 48. a6 Ra1 49. Nc4 Kh4 50. a7 g5 51. g4 hxg4 52. fxg4 Kg3 53. Kd4
Kg2 54. Kc5 Bh2 55. Kb5 Bg1 56. Na5 e5 57. Nc6 e4 58. Re8 Bxa7 59. Nxa7 Rxa7
60. Rxe4 Kxh3 61. c4 Rf7 62. Kc5 Rf4 63. Kd4 Kxg4 64. c5 Kf5 65. Rxf4+ gxf4
1/2-1/2

[Event "Nationale 1 Avignon-Cannes"]
[Site "Avignon"]
[Date "2007.12.15"]
[Round "4.6"]
[White "Delabaca, R."]
[Black "Duquesnoy, JP."]
[Result "1-0"]
[WhiteElo "2164"]
[BlackElo "2259"]
[PlyCount "73"]
[EventDate "2007.12.16"]
[SourceDate "2007.12.16"]

1. e4 c5 2. Nf3 e6 3. d4 cxd4 4. Nxd4 Nf6 5. Nc3 d6 6. Be3 a6 7. f3 b5 8. Qd2
b4 9. Nce2 e5 10. Nb3 a5 11. Ng3 a4 12. Nc1 d5 13. Bb5+ Bd7 14. Bxd7+ Nbxd7 15.
exd5 Ra5 16. d6 Qb8 17. Nd3 Nd5 18. Bf2 Bxd6 19. Nf5 Bf8 20. O-O g6 21. Ne3 Rb5
22. Rad1 N5f6 23. Nc4 Be7 24. Rfe1 O-O 25. Bg3 Qa7+ 26. Kh1 Nh5 27. Bxe5 Bh4
28. Re4 Nxe5 29. Ncxe5 Rd8 30. Nc6 Qb6 31. Nxd8 Ng3+ 32. hxg3 Bxg3 33. Qe3 Qa5
34. Re8+ Kg7 35. Qd4+ f6 36. Qd7+ Kh6 37. Nf7+ 1-0

[Event "Nationale 1 Avignon-Cannes"]
[Site "Avignon"]
[Date "2007.12.15"]
[Round "4.7"]
[White "Pieroni, Guillaume"]
[Black "Zermiche, C."]
[Result "0-1"]
[WhiteElo "2228"]
[BlackElo "2162"]
[PlyCount "56"]
[EventDate "2007.12.16"]
[SourceDate "2007.12.16"]

1. e4 e5 2. d4 exd4 3. Qxd4 Nc6 4. Qe3 Bb4+ 5. Nc3 Nf6 6. Bd2 O-O 7. O-O-O Re8
8. f3 d5 9. Qf2 d4 10. Nb1 Be6 11. a3 Bc5 12. Ne2 Qe7 13. Qh4 d3 14. cxd3 Bb3
15. Re1 Ne5 16. Nf4 Bd4 17. Nc3 Qc5 18. Qh3 b5 19. Kb1 b4 20. axb4 Qxb4 21.
Nfe2 Rab8 22. Nxd4 Be6 23. Ncb5 Qxd2 24. Qg3 Nh5 25. Qh4 Ng6 26. Qxh5 Qxe1+ 27.
Kc2 Qf2+ 28. Kc3 a6 0-1

[Event "Nationale 1 Avignon-Cannes"]
[Site "Avignon"]
[Date "2007.12.15"]
[Round "4.8"]
[White "Verot, M."]
[Black "Bomba, M."]
[Result "1-0"]
[WhiteElo "2112"]
[BlackElo "1836"]
[PlyCount "59"]
[EventDate "2007.12.16"]
[SourceDate "2007.12.16"]

1. d4 Nf6 2. c4 c5 3. e3 g6 4. Nf3 Bg7 5. Be2 O-O 6. O-O d6 7. Nc3 Bf5 8. Qb3
b6 9. Ng5 Nc6 10. d5 Ne5 11. e4 Bc8 12. f4 Ned7 13. Nf3 Bb7 14. Qc2 a6 15. Rb1
Qc7 16. b3 Rae8 17. Bb2 e6 18. f5 exd5 19. Nxd5 Nxd5 20. exd5 Nf6 21. Bd3 Re7
22. Ng5 h6 23. fxg6 hxg5 24. Bxf6 Bxf6 25. Rxf6 fxg6 26. Rxf8+ Kxf8 27. Bxg6
Kg7 28. Rf1 Bc8 29. Bh5 Kg8 30. Qg6+ 1-0

[Event "Interclubs Adultes"]
[Site "VINCENNES"]
[Date "16.12.07"]
[Round "5.1"]
[White "Ikonnikov, Vyacheslav"]
[Black "Brih, Said"]
[Result "1-0"]
[WhiteElo "2555"]
[BlackElo "2207"]
[PlyCount "115"]
[EventDate "16.12.07"]
[WhiteTeam "Gambsheim"]
[BlackTeam "Creteil"]

1. d4 Nf6 2. Nf3 g6 3. c4 Bg7 4. Nc3 d5 5. cxd5 Nxd5 6. e4 Nxc3 7. bxc3 O-O 8.
Be3 c5 9. Qd2 Qa5 10. Rb1 a6 11. Rc1 Rd8 12. d5 Bg4 13. Ng5 Nc6 14. h3 Bc8 15.
Be2 Ne5 16. f4 Nd7 17. O-O h6 18. Nf3 Nf6 19. Bd3 c4 20. Bb1 b5 21. Nd4 Bd7 22.
f5 g5 23. h4 Ng4 24. hxg5 Nxe3 25. Qxe3 hxg5 26. Qxg5 Qb6 27. Qxe7 Bf6 28. Qa3
Bxd4+ 29. cxd4 Qxd4+ 30. Rf2 f6 31. Qg3+ Kf7 32. Re1 Qe5 33. Qxe5 fxe5 34. g4
Rg8 35. Rg2 Rg5 36. Bc2 b4 37. Bd1 a5 38. Be2 Rc8 39. Rc1 c3 40. Kf2 a4 41. Rg3
Rh8 42. a3 Rh2+ 43. Ke3 b3 44. Rxc3 b2 45. Rg1 Rxe2+ 46. Kxe2 Rxg4 47. Rb1
Rxe4+ 48. Kf3 Rd4 49. Rxb2 Bxf5 50. Rc7+ Kf6 51. Rb6+ Kg5 52. Rg7+ Kh5 53. d6
Rd3+ 54. Ke2 e4 55. Rb1 Bg4+ 56. Rxg4 Kxg4 57. Rd1 Rh3 58. d7 1-0

[Event "Interclubs Adultes"]
[Site "VINCENNES"]
[Date "16.12.07"]
[Round "5.2"]
[White "Bouchet, Nicolas"]
[Black "Schwalfenberg, Joerg"]
[Result "0-1"]
[WhiteElo "2298"]
[BlackElo "2335"]
[PlyCount "78"]
[EventDate "16.12.07"]
[WhiteTeam "Creteil"]
[BlackTeam "Gambsheim"]

1. e4 c6 2. d4 d5 3. e5 Bf5 4. c4 e6 5. Nc3 Ne7 6. Be3 Nd7 7. c5 f6 8. f4 b6 9.
b4 bxc5 10. bxc5 Qa5 11. Bd2 Qa3 12. Qb3 Qxb3 13. axb3 fxe5 14. fxe5 Rb8 15. b4
Rb7 16. h3 Nb8 17. Nf3 Rxb4 18. Rxa7 Nc8 19. Ra8 Be7 20. Bb5 cxb5 21. Rxb8 O-O
22. Ke2 Rb3 23. Rxb5 Ra3 24. Rb7 Bd8 25. Rc1 Na7 26. Rb2 Nc6 27. Ra2 Rb3 28.
Ra6 Bd3+ 29. Kxd3 Nb4+ 30. Ke2 Nxa6 31. Ra1 Nc7 32. Na4 Nb5 33. Rc1 Ra3 34. Nb6
h6 35. Nd7 Rfxf3 36. gxf3 Nxd4+ 37. Kd1 Rxf3 38. c6 Rf1+ 39. Be1 Ba5 0-1

[Event "Interclubs Adultes"]
[Site "VINCENNES"]
[Date "16.12.07"]
[Round "5.3"]
[White "Syska, Albert"]
[Black "Romieux, Sebastien"]
[Result "1-0"]
[WhiteElo "2252"]
[BlackElo "2249"]
[PlyCount "39"]
[EventDate "16.12.07"]
[WhiteTeam "Gambsheim"]
[BlackTeam "Creteil"]

1. e4 c5 2. Nf3 Nc6 3. d4 cxd4 4. Nxd4 Nf6 5. Nc3 d6 6. Bg5 e6 7. Qd2 a6 8. f3
Bd7 9. O-O-O Be7 10. Be3 b5 11. g4 b4 12. Nce2 Qa5 13. Kb1 Nxd4 14. Nxd4 g6 15.
h4 e5 16. Nb3 Qc7 17. h5 Rg8 18. hxg6 hxg6 19. Bg5 Bxg4 20. fxg4 1-0

[Event "Interclubs Adultes"]
[Site "VINCENNES"]
[Date "16.12.07"]
[Round "5.4"]
[White "Larrat, Philippe"]
[Black "Becht, Lucas"]
[Result "1-0"]
[WhiteElo "2195"]
[BlackElo "2198"]
[PlyCount "65"]
[EventDate "16.12.07"]
[WhiteTeam "Creteil"]
[BlackTeam "Gambsheim"]

1. e4 c5 2. c3 d5 3. exd5 Qxd5 4. d4 Nf6 5. Nf3 Nc6 6. Be3 cxd4 7. cxd4 e6 8.
Nc3 Qd6 9. a3 Be7 10. Bd3 O-O 11. O-O b6 12. Qe2 Bb7 13. Rad1 Rad8 14. Rfe1
Rfe8 15. Bb1 Bf8 16. Bg5 Ne7 17. Nb5 Qb8 18. Ne5 Ned5 19. Qd3 g6 20. Nc3 Bg7
21. Qh3 Qc7 22. Nb5 Qe7 23. Nxa7 Ra8 24. Nb5 Ra5 25. Nc3 Nxc3 26. Bxf6 Bxf6 27.
Qxc3 Qd6 28. Nc4 Qf4 29. Nxa5 bxa5 30. Qg3 Qxg3 31. hxg3 Rd8 32. Be4 Ba6 33. d5
1-0

[Event "Interclubs Adultes"]
[Site "VINCENNES"]
[Date "16.12.07"]
[Round "5.5"]
[White "Mohebbi, Jaffar"]
[Black "Lepan, Marvin"]
[Result "1-0"]
[WhiteElo "2266"]
[BlackElo "2190"]
[PlyCount "95"]
[EventDate "16.12.07"]
[WhiteTeam "Gambsheim"]
[BlackTeam "Creteil"]

1. d4 d5 2. Nf3 c6 3. g3 Nf6 4. Bg2 Bf5 5. O-O e6 6. c4 Nbd7 7. b3 Bxb1 8. Rxb1
Ne4 9. Qc2 Bd6 10. b4 O-O 11. Nd2 f5 12. b5 Qf6 13. bxc6 bxc6 14. Rb7 Rad8 15.
cxd5 cxd5 16. Nxe4 fxe4 17. Qc6 Nb8 18. Qa4 Rc8 19. Be3 a6 20. Rfb1 Rc3 21. Qa5
Rc2 22. Qb6 Nc6 23. Qxa6 Be7 24. Bh3 Nxd4 25. Bxd4 Qxd4 26. Qxe6+ Kh8 27. Qxe7
Qxf2+ 28. Kh1 Rg8 29. Qf7 Qxf7 30. Rxf7 Rxe2 31. Be6 Re8 32. Bxd5 e3 33. Rbb7
Rd2 34. Rbe7 Rb8 35. Rb7 Rc8 36. Rbc7 Rd8 37. Rcd7 Rb8 38. Rb7 Rd8 39. Rfd7 Rf8
40. Rf7 Rd8 41. Rxg7 R2xd5 42. Rxh7+ Kg8 43. Rhe7 Rd2 44. Rxe3 Rxa2 45. Re1 Kf8
46. Rc1 Re2 47. Rf1+ Kg8 48. Ra1 1-0

[Event "Interclubs Adultes"]
[Site "VINCENNES"]
[Date "16.12.07"]
[Round "5.6"]
[White "Li, Frederic"]
[Black "Marzolf, Bruno"]
[Result "1-0"]
[WhiteElo "2108"]
[BlackElo "2252"]
[PlyCount "83"]
[EventDate "16.12.07"]
[WhiteTeam "Creteil"]
[BlackTeam "Gambsheim"]

1. Nf3 Nc6 2. d4 d5 3. c4 Bg4 4. cxd5 Bxf3 5. gxf3 Qxd5 6. e3 e5 7. Nc3 Bb4 8.
a3 Bxc3+ 9. bxc3 Nf6 10. Rb1 exd4 11. cxd4 O-O 12. Rb5 Qd6 13. Rxb7 Nd5 14. Rb3
Na5 15. Rd3 Rfe8 16. Be2 Qg6 17. Kf1 f5 18. Qa4 Nc6 19. Qc4 Qe6 20. Rg1 Rad8
21. Rd2 Rd6 22. f4 Nce7 23. Rc2 Kh8 24. Qa4 Ra8 25. Bd2 Rb6 26. Bf3 Rb1+ 27.
Rc1 Rb2 28. Ba5 Rab8 29. Rg3 a6 30. Qc4 h6 31. Bb4 R8xb4 32. axb4 Rxb4 33. Qc5
Rb2 34. Bxd5 Nxd5 35. Qf8+ Qg8 36. Qxg8+ Kxg8 37. Rc5 Rb5 38. Rg1 Kf7 39. Ke2
Rxc5 40. dxc5 Nc3+ 41. Kd3 Ne4 42. Kd4 1-0

[Event "Interclubs Adultes"]
[Site "VINCENNES"]
[Date "16.12.07"]
[Round "5.7"]
[White "Engelmann, Herve"]
[Black "Graca, Robert"]
[Result "0-1"]
[WhiteElo "2082"]
[BlackElo "2067"]
[PlyCount "140"]
[EventDate "16.12.07"]
[WhiteTeam "Gambsheim"]
[BlackTeam "Creteil"]

1. e4 c5 2. Nf3 d6 3. d4 cxd4 4. Nxd4 Nf6 5. Nc3 Nc6 6. g3 g6 7. Bg2 Bg7 8. O-O
O-O 9. Nde2 Ne5 10. h3 Bd7 11. Kh2 Qa5 12. f4 Neg4+ 13. Kh1 Qh5 14. Nd5 Nxd5
15. Qxd5 Qxd5 16. exd5 Nf6 17. c3 Bb5 18. Re1 Bc4 19. Nd4 Rfe8 20. Be3 a6 21.
Rad1 Bxd5 22. Bxd5 Nxd5 23. Nf5 Nxe3 24. Nxe3 Rac8 25. Nd5 e6 26. Ne3 d5 27.
Kg2 Rc6 28. Rd3 b5 29. Kf3 a5 30. a3 Rb8 31. Nc2 Rb7 32. g4 Rd7 33. Red1 Kf8
34. h4 h5 35. g5 Ke7 36. Ke3 Rc8 37. Kf3 Rcc7 38. Re1 Kd8 39. Red1 Kc8 40. R1d2
Rb7 41. Re3 Rdc7 42. Red3 Rc4 43. Ne3 Re4 44. Nf1 b4 45. cxb4 axb4 46. Ng3 Rc4
47. b3 Rc3 48. a4 Rbc7 49. Ne2 Rxd3+ 50. Rxd3 Kb7 51. Ke3 Kb6 52. f5 gxf5 53.
Nf4 d4+ 54. Kd2 Bh8 55. Nxh5 e5 56. Rf3 f4 57. Kd3 Rc1 58. Nf6 Bxf6 59. gxf6
Kc6 60. Ke4 Kd6 61. Kf5 Rh1 62. Kg5 Ke6 63. Rf2 Rg1+ 64. Kh6 d3 65. Ra2 e4 66.
a5 e3 67. a6 d2 68. a7 Rg8 69. Ra6+ Kd7 70. Kh7 Ra8 0-1

[Event "Interclubs Adultes"]
[Site "VINCENNES"]
[Date "16.12.07"]
[Round "5.8"]
[White "Lam, Sophie"]
[Black "Criqui, Laurence"]
[Result "1-0"]
[WhiteElo "2079"]
[BlackElo "1640"]
[PlyCount "129"]
[EventDate "16.12.07"]
[WhiteTeam "Creteil"]
[BlackTeam "Gambsheim"]

1. e4 e5 2. Nf3 Nc6 3. Bb5 a6 4. Ba4 Nf6 5. O-O b5 6. Bb3 Be7 7. Re1 O-O 8. c3
d5 9. d4 Nxe4 10. dxe5 Be6 11. Be3 Na5 12. Bc2 Nc4 13. Bc1 Bf5 14. Nd4 Bc5 15.
b3 Nxe5 16. Bxe4 Bxe4 17. f3 Bxb1 18. Rxb1 Qf6 19. Be3 Bd6 20. Qd2 c5 21. Ne2
h6 22. Ng3 Rad8 23. Rbd1 Be7 24. Qf2 c4 25. Bd4 Bd6 26. f4 Ng4 27. Bxf6 Nxf2
28. Kxf2 gxf6 29. Kf3 Ba3 30. Nf5 Kh7 31. Ne3 d4 32. cxd4 c3 33. Nc2 Bb2 34.
Re7 Kg6 35. Rde1 Rd6 36. Ra7 h5 37. g3 Rfd8 38. Rae7 R8d7 39. Rxd7 Rxd7 40. Re8
Kg7 41. Ke2 Rd6 42. Kd3 f5 43. Re5 Kg6 44. Rc5 Kf6 45. Ne3 Rxd4+ 46. Kxd4 c2+
47. Kd3 c1=Q 48. Rxc1 Bxc1 49. Nd5+ Kg7 50. Nc7 h4 51. Nxa6 hxg3 52. hxg3 Kg6
53. Ke2 Bb2 54. Nc7 b4 55. Nd5 Ba3 56. Ne3 Bc1 57. Nc2 Kh5 58. Nxb4 Kg4 59. Kf2
Ba3 60. Nd3 f6 61. b4 Kh3 62. Kf3 Kh2 63. b5 Bd6 64. b6 Kh3 65. a4 1-0

[Event "Interclubs Adultes"]
[Site "VINCENNES"]
[Date "16.12.07"]
[Round "5.1"]
[White "Hassler, Franck"]
[Black "Shirazi, Kamran"]
[Result "0-1"]
[WhiteElo "2310"]
[BlackElo "2408"]
[PlyCount "114"]
[EventDate "16.12.07"]
[WhiteTeam "Mulhouse II"]
[BlackTeam "Lutèce Echecs"]

1. d4 Nf6 2. Nf3 g6 3. c3 Bg7 4. Bf4 O-O 5. Nbd2 b6 6. e4 Bb7 7. Bd3 d6 8. Qe2
Nc6 9. Bg5 h6 10. Bh4 Nh5 11. Bg3 e6 12. h3 Nxg3 13. fxg3 Ne7 14. g4 c5 15.
dxc5 bxc5 16. O-O Rb8 17. Rad1 d5 18. Rf2 Qc7 19. e5 Nc6 20. Re1 Qb6 21. Nf1 c4
22. Bb1 d4 23. cxd4 Nxd4 24. Nxd4 Qxd4 25. Qe3 Qxe3 26. Rxe3 Rfd8 27. Rd2 Rxd2
28. Nxd2 Bxg2 29. Nxc4 Bd5 30. Bd3 Bxc4 31. Bxc4 Rxb2 32. Bb3 Bf8 33. Kf1 Bc5
34. Rd3 Rf2+ 35. Ke1 Rf4 36. Ke2 Re4+ 37. Kf3 Rxe5 38. Rc3 Kg7 39. Rc4 h5 40.
gxh5 Rxh5 41. Kg2 Re5 42. Kf3 f5 43. Kf4 Kf6 44. Kf3 g5 45. Kg2 Ke7 46. Kf3 Kd6
47. Kg2 Re2+ 48. Kf3 Rf2+ 49. Kg3 f4+ 50. Kg4 Rg2+ 51. Kh5 Rg3 52. h4 f3 53.
hxg5 f2 54. Rf4 Be3 55. Rf6 Rxg5+ 56. Kh4 Rg1 57. Rxe6+ Kd7 0-1

[Event "Interclubs Adultes"]
[Site "VINCENNES"]
[Date "16.12.07"]
[Round "5.2"]
[White "San Emeterio Cabanes, Jose L"]
[Black "Kurmann, Oliver"]
[Result "1/2-1/2"]
[WhiteElo "2373"]
[BlackElo "2396"]
[PlyCount "127"]
[EventDate "16.12.07"]
[WhiteTeam "Lutèce Echecs"]
[BlackTeam "Mulhouse II"]

1. b3 b6 2. Bb2 Bb7 3. e3 e6 4. Nf3 Nf6 5. Be2 Be7 6. O-O O-O 7. c4 c5 8. d4
cxd4 9. Nxd4 a6 10. Nc3 Qc7 11. Bf3 Rc8 12. Rc1 d6 13. Qe2 Nbd7 14. Bxb7 Qxb7
15. e4 Re8 16. Rfe1 Bf8 17. Rcd1 Rad8 18. Kh1 g6 19. f3 Qc7 20. Nc2 Rb8 21. Nb4
Qb7 22. Nc2 b5 23. Ne3 Rec8 24. cxb5 axb5 25. Rd2 b4 26. Na4 Rc6 27. Red1 Qc7
28. Nc4 d5 29. exd5 Nxd5 30. Ne3 N7f6 31. Nxd5 Nxd5 32. Be5 Bd6 33. Bxd6 Qxd6
34. Nb2 Qc7 35. Qf2 Nc3 36. Ra1 Ra6 37. Nc4 Rba8 38. Rc2 Nd5 39. g3 Qe7 40. Qd4
Qg5 41. Qe5 Qxe5 42. Nxe5 Ra3 43. Rb2 Nc3 44. Nc4 Rxa2 45. Rbxa2 Rxa2 46. Rxa2
Nxa2 47. Kg2 f6 48. Kf2 e5 49. Ke3 Kf7 50. Nb6 Nc1 51. Nd5 Nxb3 52. Nxb4 Ke6
53. h4 f5 54. Nd3 Na5 55. Nf2 Nc4+ 56. Kd3 Kd5 57. g4 h5 58. gxh5 gxh5 59. Ke2
Nd6 60. f4 e4 61. Nh1 Kd4 62. Ng3 e3 63. Nxh5 Ke4 64. Nf6+ 1/2-1/2

[Event "Interclubs Adultes"]
[Site "VINCENNES"]
[Date "16.12.07"]
[Round "5.3"]
[White "Riff, Vincent"]
[Black "Babault, Patrice"]
[Result "1-0"]
[WhiteElo "2303"]
[BlackElo "2334"]
[PlyCount "21"]
[EventDate "16.12.07"]
[WhiteTeam "Mulhouse II"]
[BlackTeam "Lutèce Echecs"]

1. e4 c5 2. Nf3 e6 3. d4 cxd4 4. Nxd4 Nc6 5. Nc3 Qc7 6. Ndb5 Qb8 7. a4 a6 8.
Na3 Nf6 9. g3 Bb4 10. Bg2 d5 11. O-O 1-0

[Event "Interclubs Adultes"]
[Site "VINCENNES"]
[Date "16.12.07"]
[Round "5.4"]
[White "Lamorelle, Yves"]
[Black "Lerch, Patrice"]
[Result "1-0"]
[WhiteElo "2233"]
[BlackElo "2306"]
[PlyCount "175"]
[EventDate "16.12.07"]
[WhiteTeam "Lutèce Echecs"]
[BlackTeam "Mulhouse II"]

1. e4 c5 2. Nf3 Nc6 3. Bb5 g6 4. O-O Bg7 5. Re1 Nf6 6. c3 O-O 7. e5 Nd5 8. d4
cxd4 9. cxd4 Nc7 10. Ba4 d5 11. h3 Bf5 12. Nc3 Rb8 13. Qe2 a6 14. Bxc6 bxc6 15.
Be3 f6 16. Bf4 Rb4 17. Rad1 Qc8 18. exf6 Bxf6 19. Bh6 Re8 20. a3 Rb3 21. Ne5 c5
22. dxc5 Qb7 23. Ng4 Bh8 24. Bc1 d4 25. Nh6+ Kf8 26. Nxf5 gxf5 27. Bh6+ Kg8 28.
Rd3 Bf6 29. Na4 Kh8 30. Nb6 Rg8 31. g3 Rb5 32. b4 a5 33. Bf4 axb4 34. axb4 Nd5
35. Nxd5 Qxd5 36. Qe6 Qxe6 37. Rxe6 Rxb4 38. Be5 Rc8 39. Rxe7 Bxe5 40. Rxe5 Rc4
41. Rxf5 Rd8 42. Kg2 Kg7 43. Rf4 Kg6 44. c6 Rxc6 45. Rfxd4 Rxd4 46. Rxd4 Rc3
47. Rd6+ Kg7 48. Re6 Ra3 49. Re3 Ra2 50. g4 Kg6 51. Kg3 Rb2 52. f4 Rb4 53. Rd3
Ra4 54. Rb3 Rc4 55. f5+ Kg5 56. h4+ Kf6 57. Rb6+ Kg7 58. Re6 h5 59. g5 Rg4+ 60.
Kh3 Rf4 61. Re7+ Kg8 62. f6 Kh8 63. Rc7 Rf5 64. Kg3 Rf1 65. Rc4 Kg8 66. Rf4
Rg1+ 67. Kf3 Ra1 68. Ke4 Kf7 69. Kd5 Ra5+ 70. Kc6 Ra8 71. Re4 Rd8 72. Kb7 Rd6
73. Kc7 Ra6 74. Re7+ Kf8 75. Kd7 Rb6 76. Kc7 Ra6 77. Kb7 Rd6 78. Rh7 Re6 79.
Rxh5 Kg8 80. Kc7 Ra6 81. Kd7 Ra7+ 82. Ke6 Ra6+ 83. Kf5 Ra5+ 84. Kg6 Ra6 85. Rh7
Rb6 86. Rc7 Rb8 87. Rg7+ Kf8 88. h5 1-0

[Event "Interclubs Adultes"]
[Site "VINCENNES"]
[Date "16.12.07"]
[Round "5.5"]
[White "Fargere, Francois"]
[Black "Maleki, Nicolas"]
[Result "1-0"]
[WhiteElo "2325"]
[BlackElo "2193"]
[PlyCount "99"]
[EventDate "16.12.07"]
[WhiteTeam "Mulhouse II"]
[BlackTeam "Lutèce Echecs"]

1. e4 e5 2. Nf3 Nc6 3. Bb5 a6 4. Bxc6 dxc6 5. O-O f6 6. d4 Bg4 7. c3 Bd6 8. Be3
Nh6 9. Nbd2 Nf7 10. Qc2 Qe7 11. h3 Be6 12. c4 c5 13. d5 Bd7 14. b4 b6 15. bxc5
Bxc5 16. Bxc5 Qxc5 17. Nb3 Ba4 18. Qc3 Bxb3 19. axb3 Nd6 20. Nd2 Qd4 21. Qc2
O-O 22. b4 f5 23. exf5 Nxf5 24. Nf3 Qf4 25. Rae1 Nd4 26. Nxd4 exd4 27. Re4 Qd6
28. Qd2 d3 29. Re6 Qf4 30. Qxd3 a5 31. bxa5 Rxa5 32. g3 Qg5 33. Qe2 Ra3 34. Kg2
Raf3 35. Re7 Qf6 36. Rxc7 Qd4 37. Rc8 Rxc8 38. Qe6+ Rf7 39. Qxc8+ Rf8 40. Qe6+
Kh8 41. Qe7 Kg8 42. Qe6+ Kh8 43. d6 h5 44. d7 h4 45. Qg4 Qxg4 46. hxg4 Rd8 47.
Rd1 hxg3 48. Kxg3 Kg8 49. Kf4 Kf7 50. Kg5 1-0

[Event "Interclubs Adultes"]
[Site "VINCENNES"]
[Date "16.12.07"]
[Round "5.6"]
[White "Carpentier, Pierre"]
[Black "Leburgue, Sylvain"]
[Result "1-0"]
[WhiteElo "2168"]
[BlackElo "2234"]
[PlyCount "71"]
[EventDate "16.12.07"]
[WhiteTeam "Lutèce Echecs"]
[BlackTeam "Mulhouse II"]

1. e4 c5 2. Nc3 Nc6 3. g3 g6 4. Bg2 Bg7 5. d3 d6 6. Nh3 Rb8 7. O-O b5 8. f4 Nd4
9. Nd5 e6 10. Ne3 b4 11. a3 a5 12. axb4 axb4 13. e5 d5 14. c3 Nc6 15. Nc4 Nh6
16. Nd6+ Kf8 17. Be3 Qb6 18. Ng5 Nf5 19. Nxf5 gxf5 20. Qh5 Nd8 21. cxb4 Qxb4
22. Ra7 Rb7 23. Ra8 Rc7 24. Nxh7+ Kg8 25. Qh4 Qb7 26. Rfa1 Nc6 27. Nf6+ Bxf6
28. Qxf6 Ne7 29. h4 Qxb2 30. Qg5+ Kf8 31. R1a7 Rxa7 32. Rxa7 Bb7 33. Kh2 Qb6
34. Bxc5 Qxc5 35. Rxb7 Nc6 36. Rc7 1-0

[Event "Interclubs Adultes"]
[Site "VINCENNES"]
[Date "16.12.07"]
[Round "5.7"]
[White "Schmitt, Fabien"]
[Black "Wunderman, Xavier"]
[Result "0-1"]
[WhiteElo "2190"]
[BlackElo "2092"]
[PlyCount "58"]
[EventDate "16.12.07"]
[WhiteTeam "Mulhouse II"]
[BlackTeam "Lutèce Echecs"]

1. d4 d5 2. c4 c6 3. Nf3 Nf6 4. Qc2 dxc4 5. Qxc4 Bf5 6. g3 Nbd7 7. Bg2 e6 8.
O-O Be7 9. Nc3 h6 10. Re1 O-O 11. e4 Bh7 12. e5 Nd5 13. Ne4 Rc8 14. Bd2 c5 15.
Bc3 a6 16. a4 Bxe4 17. Rxe4 cxd4 18. Qxd4 Nc5 19. Nd2 Nxc3 20. bxc3 Nxe4 21.
Bxe4 Qxd4 22. cxd4 Rc7 23. Rb1 Rd8 24. Nf3 Rb8 25. a5 Rd7 26. Bc6 Rc7 27. Be4
Bd8 28. Bd3 Rc3 29. Be4 Bxa5 0-1

[Event "Interclubs Adultes"]
[Site "VINCENNES"]
[Date "16.12.07"]
[Round "5.8"]
[White "Dacalor, Aurelie"]
[Black "Richard, Emma"]
[Result "0-1"]
[WhiteElo "2023"]
[BlackElo "1955"]
[PlyCount "130"]
[EventDate "16.12.07"]
[WhiteTeam "Lutèce Echecs"]
[BlackTeam "Mulhouse II"]

1. d4 Nf6 2. c4 g6 3. Nc3 Bg7 4. e4 d6 5. f4 O-O 6. Nf3 c5 7. d5 a6 8. Qc2 e6
9. Be2 exd5 10. cxd5 b5 11. O-O Ra7 12. Re1 Re8 13. Nd2 b4 14. Nd1 Rae7 15. Bc4
Bb7 16. Qd3 Bc8 17. Nf2 Bf5 18. a3 Qb6 19. h3 h5 20. Bb3 Qa7 21. Ba4 Bd7 22.
Bxd7 Nbxd7 23. Nc4 Nb6 24. axb4 Nxc4 25. Qxc4 Nxe4 26. Rxa6 Qc7 27. Nxe4 Bd4+
28. Kf1 Rxe4 29. Rxe4 Rxe4 30. Qd3 Qe7 31. Ra8+ Kg7 32. Bd2 cxb4 33. b3 Bc5 34.
Qf3 Be3 35. Bxe3 Rxe3 36. Qd1 Qe4 37. Ra2 Qxf4+ 38. Rf2 Qh2 39. Qd4+ Qe5 40.
Qxe5+ Rxe5 41. Rf4 Rxd5 42. Rxb4 Kf6 43. Ke2 Ke5 44. Ke3 Ra5 45. Rb7 f5 46. b4
Ra3+ 47. Ke2 Rb3 48. b5 Kf4 49. Kf2 g5 50. Rb8 g4 51. hxg4 hxg4 52. b6 g3+ 53.
Ke2 Rb2+ 54. Kd3 Rxg2 55. Kc3 Re2 56. Rc8 Re7 57. Rc7 g2 58. Rxe7 g1=Q 59. b7
Qb6 60. Kc4 Kg5 61. Rd7 f4 62. Kd5 f3 63. Rf7 Kg6 64. Rd7 Kg5 65. Rf7 f2 0-1

[Event "Interclubs Adultes"]
[Site "VINCENNES"]
[Date "16.12.07"]
[Round "5.1"]
[White "Istratescu, Andrei"]
[Black "Velikov, Petar"]
[Result "1-0"]
[WhiteElo "2631"]
[BlackElo "2426"]
[PlyCount "67"]
[EventDate "16.12.07"]
[WhiteTeam "Belfort"]
[BlackTeam "Vincennes"]

1. e4 c5 2. Nf3 e6 3. d4 cxd4 4. Nxd4 a6 5. Bd3 Bc5 6. Nb3 Ba7 7. Qg4 Qf6 8.
Qg3 Nc6 9. Nc3 Nge7 10. O-O Qg6 11. Bf4 Qxg3 12. Bxg3 Ng6 13. Kh1 h5 14. Bd6
Nge5 15. f4 Ng4 16. h3 f6 17. Bc5 Bxc5 18. Nxc5 Nh6 19. N5a4 Rb8 20. Nb6 Nf7
21. Rad1 g5 22. f5 Ke7 23. Bc4 Nfe5 24. Bb3 Na5 25. Rf2 Rf8 26. Kg1 h4 27. Rfd2
Re8 28. Ne2 Nxb3 29. axb3 Kf8 30. Nd4 Re7 31. c4 Nc6 32. c5 exf5 33. Nxf5 Rxe4
34. Nd6 1-0

[Event "Interclubs Adultes"]
[Site "VINCENNES"]
[Date "16.12.07"]
[Round "5.2"]
[White "Nemirovski, Serge"]
[Black "Vajda, Levente"]
[Result "0-1"]
[WhiteElo "2259"]
[BlackElo "2564"]
[PlyCount "76"]
[EventDate "16.12.07"]
[WhiteTeam "Vincennes"]
[BlackTeam "Belfort"]

1. d4 Nf6 2. Nf3 g6 3. Bf4 Bg7 4. e3 d6 5. h3 c6 6. c4 a6 7. a4 a5 8. Be2 Qb6
9. Ra3 Na6 10. O-O O-O 11. Nc3 Nd7 12. Bg3 Nb4 13. Qd2 Re8 14. Rd1 Qa7 15. Na2
Nxa2 16. Rxa2 Nf6 17. Qc2 Bf5 18. Bd3 Bxd3 19. Qxd3 Rac8 20. b3 h6 21. Bh2 Nd7
22. Re2 Nf8 23. Nd2 Rcd8 24. Nb1 Rd7 25. Nc3 e5 26. d5 Qb6 27. Rb1 Rdd8 28.
Reb2 Nd7 29. b4 axb4 30. Rxb4 Qa5 31. Ne4 f5 32. Nxd6 Nc5 33. Nxb7 Nxd3 34.
Nxa5 Nxb4 35. Rxb4 cxd5 36. c5 Rb8 37. Nb7 Rec8 38. Rb5 Rc7 0-1

[Event "Interclubs Adultes"]
[Site "VINCENNES"]
[Date "16.12.07"]
[Round "5.3"]
[White "Szabo, Gergely-Andras-Gyula"]
[Black "Fayard, Alain"]
[Result "1-0"]
[WhiteElo "2518"]
[BlackElo "2360"]
[PlyCount "111"]
[EventDate "16.12.07"]
[WhiteTeam "Belfort"]
[BlackTeam "Vincennes"]

1. e4 e5 2. Nc3 Nf6 3. g3 Nc6 4. Bg2 Bc5 5. Nf3 d6 6. d3 a6 7. O-O O-O 8. h3 h6
9. Kh2 Ne7 10. d4 exd4 11. Nxd4 Ng6 12. f4 Re8 13. Qd3 Bd7 14. b3 b5 15. a3 c6
16. Bb2 Qc7 17. Rae1 Rad8 18. Nd1 Bb6 19. Ne3 Bxd4 20. Qxd4 Bc8 21. Bf3 a5 22.
Qd3 Nh7 23. Qc3 f6 24. Bh5 Nhf8 25. f5 Ne5 26. Bxe8 Rxe8 27. Nd5 Qd8 28. Nf4
Qc7 29. Qd2 Nf7 30. Rf3 Qb6 31. Bd4 Qd8 32. Bc3 Ng5 33. Rfe3 Rxe4 34. h4 Rxe3
35. Rxe3 Nf7 36. Ne6 Qd7 37. Bxa5 Ne5 38. Kg1 Nxe6 39. fxe6 Qa7 40. Kg2 Bxe6
41. Bb4 Bd5+ 42. Kf1 Qd7 43. Ke1 Qh3 44. Kd1 Nf3 45. Qf2 Qh1+ 46. Be1 Ne5 47.
Kc1 Be4 48. Qe2 d5 49. Kb2 f5 50. Bc3 Ng4 51. Rd3 Qh3 52. Bd4 Nh2 53. Rc3 Kh7
54. Qh5 f4 55. Rxc6 f3 56. Rxh6+ 1-0

[Event "Interclubs Adultes"]
[Site "VINCENNES"]
[Date "16.12.07"]
[Round "5.4"]
[White "Rabeyrin, Jean-Jacques"]
[Black "Monsieux, Sebastien"]
[Result "1-0"]
[WhiteElo "2305"]
[BlackElo "2081"]
[PlyCount "91"]
[EventDate "16.12.07"]
[WhiteTeam "Vincennes"]
[BlackTeam "Belfort"]

1. e4 g6 2. d4 Bg7 3. Nc3 c6 4. Be3 Qb6 5. Bc4 Qxb2 6. Nge2 Qb4 7. Qd3 d6 8.
O-O Nf6 9. Rab1 Qa5 10. f4 O-O 11. e5 Ne8 12. Qd2 Qc7 13. Bd3 Nd7 14. Ne4 Nb6
15. c4 Bf5 16. N2g3 Bxe4 17. Nxe4 dxe5 18. fxe5 Rd8 19. Rb3 Bh8 20. Rfb1 Bxe5
21. dxe5 Nxc4 22. Qe2 Nxe3 23. Qxe3 Qxe5 24. Rxb7 Nd6 25. R7b4 Nf5 26. Qe2 Rd4
27. Rxd4 Qxd4+ 28. Nf2 Qe3 29. Qxe3 Nxe3 30. Rb7 Rd8 31. Rxe7 Nd1 32. Bc4 Rd2
33. Rxf7 Kh8 34. Nxd1 Rxd1+ 35. Kf2 Rd4 36. Bb3 a5 37. Ra7 c5 38. Rxa5 c4 39.
Ra4 Rd2+ 40. Ke3 Rxg2 41. Rxc4 Rxh2 42. Rc7 h5 43. Bd5 g5 44. Ke4 Rf2 45. Rf7
Rd2 46. Rf5 1-0